Glast science writer's guide : exploring the extreme universe /

Bibliographic Details
Corporate Author: United States. National Aeronautics and Space Administration
Format: Government Document Book
Language:English
Published: [Greenbelt, Md.] : National Aeronautics and Space Administration, [2008]
Subjects:
Online Access:https://purl.fdlp.gov/GPO/LPS113946

MARC

Tag First Indicator Second Indicator Subfields
LEADER 00000cam a2200000Ka 4500
001 in00002485313
005 20211202191905.0
006 m d f
008 090622s2008 mdu s f000 0 eng d
035 |a (OCoLC)ocn405658112 
040 |a GPO  |c GPO  |d MvI  |d UtOrBLW 
049 |a WWW 
074 |a 0830-F (online) 
086 0 |a NAS 1.18:EX 8 
110 1 |a United States.  |b National Aeronautics and Space Administration. 
245 1 0 |a Glast science writer's guide :  |b exploring the extreme universe /  |c National Aeronautics [and] Space Administration. 
264 1 |a [Greenbelt, Md.] :  |b National Aeronautics and Space Administration,  |c [2008] 
300 |a 47 pages :  |b digital, PDF file. 
336 |a text  |b txt  |2 rdacontent 
337 |a computer  |b c  |2 rdamedia 
338 |a unspecified  |b zu  |2 rdacarrier 
538 |a Mode of access: Internet from the NASA web site. Address as of 6/22/09: http://www.nasa.gov/pdf/221503main%5FGLAST-041508.pdf ; current access available via PURL. 
500 |a Title from title screen (viewed June 22, 2009). 
500 |a "February 2008." 
500 |a "A guide for reporters to understand the mission and purpose of the gamma-ray large area space telescope (GLAST); a NASA mission in collaboration with the U.S. Department of Energy and many domestic and international partners." 
500 |a Electronic resource. 
610 1 0 |a United States.  |b Department of Energy. 
650 0 |a Gamma ray astronomy  |v Handbooks, manuals, etc. 
650 0 |a Gamma ray telescopes  |v Handbooks, manuals, etc. 
856 4 0 |u https://purl.fdlp.gov/GPO/LPS113946  |t 0 
999 |a MARS 
999 f f |s 8fcbb86c-87de-334e-a262-e1409e592593  |i a8eba98e-d100-3c74-a7ce-8f78a33cda53  |t 0 
952 f f |a Texas A&M University  |b College Station  |c Electronic Resources  |d Available Online  |t 0  |e NAS 1.18:EX 8  |h Superintendent of Documents classification 
998 f f |a NAS 1.18:EX 8  |t 0  |l Available Online